[Event "Open"]
[Site "Cappelle la Grande FRA"]
[Date "2003.02.26"]
[Round "6"]
[White "Czarnota,D"]
[Black "Skripchenko,A"]
[Result "1/2-1/2"]
[WhiteElo "2191"]
[BlackElo "2501"]

1.e4 g6 2.d4 Bg7 3.Nc3 d6 4.Nf3 Nd7 5.Be3 e6 6.Qd2 h6 7.h3 Ne7 8.O-O-O a6
9.a4 b6 10.Kb1 Bb7 11.Nh2 c6 12.f4 b5 13.Bd3 Qc7 14.e5 d5 15.Rhf1 Nb6 16.a5 Nc4
17.Bxc4 dxc4 18.Ne4 O-O-O 19.Nd6+ Rxd6 20.exd6 Qxd6 21.Nf3 Nd5 22.c3 Qc7
23.Ne5 Rd8 24.g4 Bf8 25.f5 g5 26.fxe6 f6 27.Nd7 Rxd7 28.exd7+ Kxd7 29.Rde1 Qxa5
30.Qc2 b4 31.cxb4 Bxb4 32.Re2 c3 33.b3 Qb5 34.Rf5 a5 35.Rxd5+ cxd5 36.Bc1 Ba6
37.Qh7+ Kc6 38.Re3 a4 39.Qc2 axb3 40.Qxb3 Kd7 41.Kc2 Qa5 42.Kd1 Qb5 43.Kc2 Qa5
44.Kd1 Qb5 45.Kc2 Qa5 46.Kd1  1/2-1/2

[Event "Open"]
[Site "Cappelle la Grande FRA"]
[Date "2003.02.26"]
[Round "6"]
[White "Miroshnichenko,E"]
[Black "McNab,C"]
[Result "1-0"]
[WhiteElo "2538"]
[BlackElo "2423"]

1.e4 g6 2.d4 d6 3.Nc3 Bg7 4.Be3 Nf6 5.Qd2 c6 6.Nf3 Qa5 7.Bd3 Bg4 8.O-O-O Nbd7
9.Kb1 Qc7 10.Rc1 Bxf3 11.gxf3 e5 12.Ne2 d5 13.c3 dxe4 14.fxe4 Ng4 15.f4 Nxe3
16.Qxe3 exf4 17.Nxf4 O-O-O 18.Ne2 Rde8 19.Qh3 Kb8 20.Rhf1 Re7 21.Rf2 Nf6
22.Qh4 Nh5 23.e5 Rd8 24.Bc4 Rde8 25.Ng3 Nxg3 26.hxg3 h5 27.Rcf1 f6 28.exf6 Re1+
29.Kc2 Rxf1 30.Rxf1 Bf8 31.Qg5 b5 32.Bxb5 Rd8 33.Bd3 c5 34.dxc5 Bxc5 35.f7  1-0

[Event "Open"]
[Site "Cappelle la Grande FRA"]
[Date "2003.02.26"]
[Round "6"]
[White "Minasian,Art"]
[Black "Stryjecki,M"]
[Result "1-0"]
[WhiteElo "2557"]
[BlackElo "2438"]

1.e4 g6 2.d4 Bg7 3.Nc3 d6 4.f4 a6 5.Be3 b5 6.Bd3 Bb7 7.Nf3 b4 8.Ne2 Nf6 9.e5 Nd5
10.Bf2 Nd7 11.O-O c5 12.Ng5 dxe5 13.fxe5 Bh6 14.Nxf7 Kxf7 15.Be3+ Kg7 16.Bxh6+ Kxh6
17.Rf7 Qg8 18.Qd2+ g5 19.h4 Rf8 20.Raf1 Rxf7 21.Rxf7 cxd4 22.Nxd4 Nf4 23.hxg5+ Qxg5
24.Rxf4  1-0

[Event "ch-CZE w"]
[Site "Lahucovice CZE"]
[Date "2003.02.27"]
[Round "8"]
[White "Dvorakova,M"]
[Black "Boskova,M"]
[Result "1-0"]
[WhiteElo "2015"]
[BlackElo "2029"]

1.e4 d6 2.d4 g6 3.Nc3 Bg7 4.Be2 c6 5.Nf3 Nf6 6.h3 Nbd7 7.O-O b6 8.Re1 O-O
9.Bg5 e5 10.Qd2 Bb7 11.Bc4 Qc7 12.Bb3 Rfe8 13.Bh6 a5 14.a4 exd4 15.Nxd4 Nc5
16.Bxg7 Kxg7 17.Nf5+ Kg8 18.Qxd6 Qxd6 19.Nxd6 Nxb3 20.Nxe8 Rxe8 21.cxb3 c5
22.f3 Bc6 23.Rad1 Kg7 24.Rd6 Re6 25.Red1 Kf8 26.Rxe6 fxe6 27.Rd6  1-0

[Event "Open"]
[Site "Cappelle la Grande FRA"]
[Date "2003.02.28"]
[Round "8"]
[White "Richards,H"]
[Black "Stryjecki,M"]
[Result "0-1"]
[WhiteElo "2221"]
[BlackElo "2438"]

1.e4 g6 2.d4 Bg7 3.Nc3 d6 4.Be3 a6 5.f4 b5 6.Bd3 b4 7.Nce2 Nd7 8.Nf3 c5 9.c3 bxc3
10.bxc3 cxd4 11.cxd4 Ngf6 12.O-O Bb7 13.Ng3 h5 14.Ng5 Ng4 15.f5 Nxe3 16.fxg6 Nc5
17.Qf3 Nxf1 18.Rxf1 Bxd4+ 19.Kh1 fxg6 20.Nf7 Rf8 21.Bc4 Qb6  0-1

[Event "Jch-RUS b20"]
[Site "Essentuki RUS"]
[Date "2003.03.03"]
[Round "2"]
[White "Kurnosov,I"]
[Black "Panchenko,D"]
[Result "1-0"]
[WhiteElo "2477"]
[BlackElo "2351"]

1.e4 g6 2.d4 Bg7 3.Nc3 d6 4.Be3 a6 5.a4 b6 6.g3 Bb7 7.Bg2 Nd7 8.Nge2 Ngf6
9.O-O e5 10.h3 O-O 11.d5 Ne8 12.f4 f5 13.Qd2 Nc5 14.exf5 gxf5 15.a5 Nd7 16.Na2 Qf6
17.Nb4 Qg6 18.Nc6 Bxc6 19.dxc6 Nc5 20.axb6 cxb6 21.b4 Ne4 22.Bxe4 fxe4 23.Qd5+ Qf7
24.Qxf7+ Rxf7 25.fxe5 Bxe5 26.Rxf7 Kxf7 27.Rf1+ Ke7 28.Bxb6 Rc8 29.Nd4 Bxd4+
30.Bxd4 Rxc6 31.c3 Nc7 32.Rf4 Nb5 33.Rxe4+ Kf7 34.Rf4+ Kg6 35.Rf6+ Kg5 36.h4+ Kg4
37.Kg2 Nxd4 38.cxd4 Rc2+ 39.Rf2 Rc4 40.Rf4+ Kh5 41.Rf5+ Kg6 42.Rd5 Rxb4 43.Rxd6+ Kg7
44.Kf3 Rb3+ 45.Kf4 a5 46.Rd7+ Kg6 47.g4 a4 48.h5+ Kf6 49.Rxh7 Rd3 50.g5+ Ke6
51.Ke4 Rg3 52.g6 a3 53.Ra7 Kf6 54.Kf4 Rd3 55.Ra6+ Kg7 56.Ke5 Re3+ 57.Kd6 Kh6
58.d5 Rg3 59.Ra8 Rc3 60.Kd7 Rc5 61.d6 Rxh5 62.Rxa3 Kxg6 63.Rf3 Rh1 64.Kd8 Rd1
65.d7 Kg7 66.Rc3  1-0

[Event "Jch-RUS g20"]
[Site "Essentuki RUS"]
[Date "2003.03.05"]
[Round "4"]
[White "Olhovaja,E"]
[Black "Kariakina,M"]
[Result "0-1"]
[WhiteElo "2214"]
[BlackElo "2171"]

1.e4 g6 2.d4 Bg7 3.Nc3 d6 4.Be3 Nf6 5.f3 c6 6.Qd2 Qa5 7.Bd3 Nbd7 8.Nge2 b5
9.O-O O-O 10.a4 b4 11.Nd1 Rb8 12.Bh6 c5 13.Bxg7 Kxg7 14.Kh1 Qc7 15.Ne3 a5
16.c4 e6 17.b3 Bb7 18.Ng4 Nxg4 19.fxg4 cxd4 20.Rf3 Ne5 21.Rh3 Nxg4 22.Qf4 e5
23.Qxg4 Bc8 24.Qh4 Bxh3 25.Qxh3 Qc8 26.Qg3 h5 27.Rf1 Qg4 28.Qxg4 hxg4 29.Ng3 Kh6
30.Kg1 Kg5 31.Rf2 f6 32.h3 gxh3 33.gxh3 Rh8 34.Kg2 Rh4 35.Be2 Rf4 36.Rxf4 Kxf4
37.Kf2 Rh8 38.Bg4 d3 39.Be6 d2 40.Bg4 Rh4  0-1

[Event "Spring Festival GM"]
[Site "Bucharest ROM"]
[Date "2003.03.07"]
[Round "5"]
[White "Itkis,B"]
[Black "Moldovan,D"]
[Result "1/2-1/2"]
[WhiteElo "2452"]
[BlackElo "2447"]

1.d4 g6 2.e4 Bg7 3.Nc3 d6 4.Be3 a6 5.f4 b5 6.Nf3 Bb7 7.Bd3 Nd7 8.O-O c5 9.e5 cxd4
10.Bxd4 Nh6 11.Qe1 dxe5 12.fxe5 O-O 13.Be4 Bxe4 14.Qxe4 e6 15.a4  1/2-1/2

[Event "X Anibal Open"]
[Site "Linares ESP"]
[Date "2003.03.08"]
[Round "9"]
[White "Guerra Bastida,D"]
[Black "Vassallo,M"]
[Result "1/2-1/2"]
[WhiteElo "2368"]
[BlackElo "2443"]

1.e4 g6 2.d4 Bg7 3.Nc3 d6 4.Bg5 Nd7 5.Qd2 c5 6.Nf3 cxd4 7.Nxd4 a6 8.Bc4 Qa5
9.Bb3 Nc5 10.Rd1 Nf6 11.Bxf6 Bxf6 12.Nd5 Qxd2+ 13.Rxd2 Bxd4 14.Rxd4 Rb8 15.f3 Be6
16.O-O Rc8 17.c3 Bxd5  1/2-1/2

[Event "Jch-RUS g20"]
[Site "Essentuki RUS"]
[Date "2003.03.09"]
[Round "7"]
[White "Kolganova,N"]
[Black "Kariakina,M"]
[Result "1-0"]
[WhiteElo "2169"]
[BlackElo "2171"]

1.e4 g6 2.d4 Bg7 3.Nc3 d6 4.Be3 Nf6 5.Qd2 c6 6.Nf3 O-O 7.Bh6 Nbd7 8.Bxg7 Kxg7
9.e5 Ng4 10.h3 Nh6 11.O-O-O Qa5 12.exd6 exd6 13.Kb1 Nb6 14.d5 Rd8 15.h4 Bg4
16.h5 Bxh5 17.Rxh5 gxh5 18.Qg5+ Kh8 19.Qf6+ Kg8 20.Qxh6 Nxd5 21.Nxd5 cxd5
22.Bd3 f6 23.Bxh7+ Kf7 24.Qg6+ Ke6 25.Qf5+ Kf7 26.Ng5+  1-0

[Event "57th ch-POL w"]
[Site "Sroda Wlkp POL"]
[Date "2003.03.09"]
[Round "11"]
[White "Zawadzka,J"]
[Black "Zielinska,Mar"]
[Result "0-1"]
[WhiteElo "2335"]
[BlackElo "2430"]

1.e4 g6 2.d4 Bg7 3.Nc3 d6 4.f4 a6 5.Nf3 b5 6.Be3 e6 7.Bd3 Ne7 8.O-O O-O 9.Qd2 Nd7
10.f5 Nb6 11.Nh4 exf5 12.exf5 Ned5 13.Nxd5 Nxd5 14.Bg5 Bf6 15.Nf3 Bxg5 16.Nxg5 Bb7
17.Rf3 Qf6 18.c3 Qg7 19.Be4 h6 20.f6 Qh8 21.Raf1 Rfb8 22.Bxg6 hxg5 23.Be4 Nf4
24.Bxb7 Rxb7 25.Rg3 Kf8 26.Rxg5 Ng6 27.Qe2 Re8 28.Qf3 Rbb8 29.Rh5 Qg8 30.Qc6 Rbc8
31.Qxa6 Rcd8 32.Qc6 Re2 33.Qxc7 Ke8 34.Qc6+ Kf8 35.h4 Re6 36.Rg5 Qh7 37.Qc7 Rde8
38.d5 Re5 39.Qxd6+ Kg8 40.Rxe5 Nxe5 41.Qb4 Qh6 42.Qd4 Ng6 43.d6 Nxh4 44.d7 Rd8
45.Re1 Kh7 46.Qe4+ Ng6 47.Qe8 Qf8 48.Qxf8 Nxf8 49.Re8 Ne6 50.Kf2 Kg6 51.Rxd8 Nxd8
52.Ke3 Kxf6 53.Kd4 Ke6 54.Kc5 Kxd7 55.Kxb5 Ne6 56.a4 Kc7 57.a5 Nf4 58.b4 Nxg2
59.Kc5 Nf4 60.b5 Nd3+ 61.Kd4 Nb2 62.c4 f5 63.c5 f4 64.a6 Na4 65.a7 Kb7 66.b6 Nxc5
67.Kc3 Na4+ 68.Kd4 Nxb6 69.Ke4 Nd5 70.Kf3 Kxa7 71.Ke4 Kb6 72.Kf3 Kc5 73.Ke4 Kc4  0-1

[Event "FSIMA March"]
[Site "Budapest HUN"]
[Date "2003.03.11"]
[Round "11"]
[White "Haznedaroglu,K"]
[Black "Jakab,A"]
[Result "1/2-1/2"]
[WhiteElo "2283"]
[BlackElo "2358"]

1.e4 g6 2.d4 Bg7 3.Nc3 d6 4.Be3 Nd7 5.Qd2 e5 6.O-O-O exd4 7.Bxd4 Ngf6 8.f3 O-O
9.g4 Re8 10.Be2 b6 11.h4 Bb7 12.Nh3 Nf8 13.Nf4 Ne6 14.Nxe6 fxe6 15.h5 Qe7
16.hxg6 hxg6 17.e5 dxe5 18.Bxe5 Ne4 19.Nxe4 Bxe5 20.Qh6 Qg7 21.Qxg7+ Kxg7
22.Rd7+ Kg8 23.g5 Rad8 24.Rdh7 Bxe4 25.fxe4 Rf8 26.Bc4 Bf4+ 27.Kb1 Rd1+  1/2-1/2

[Event "Jch-RUS g20"]
[Site "Essentuki RUS"]
[Date "2003.03.12"]
[Round "10"]
[White "Zainullina,N"]
[Black "Olhovaja,E"]
[Result "1-0"]
[WhiteElo "2176"]
[BlackElo "2214"]

1.e4 g6 2.d4 Bg7 3.Nc3 d6 4.Be3 Nf6 5.Qd2 c6 6.a4 Nbd7 7.Nf3 O-O 8.Be2 Ng4
9.Bg5 h6 10.Bh4 Re8 11.O-O Qc7 12.h3 Ngf6 13.Bg3 e5 14.dxe5 dxe5 15.Rfd1 Nh5
16.Bh2 Nc5 17.Qe3 Ne6 18.Bc4 Nhf4 19.Ne2 Nxe2+ 20.Qxe2 Nf4 21.Qd2 Be6 22.Bxe6 Rxe6
23.a5 Ree8 24.Qd7 Rac8 25.Rd2 Re7 26.Qxc7 Rcxc7 27.Rad1 Kf8 28.Kf1 f6 29.Rd8+ Kf7
30.Bxf4 exf4 31.Nd2 Rcd7 32.Nc4 Rxd1+ 33.Rxd1 Bf8 34.f3 Rc7 35.c3 Ke6 36.Ke2 Be7
37.Rd3 Rc8 38.Kd2 Rd8 39.Rxd8 Bxd8 40.Kd3 Bc7 41.b4 b6 42.axb6 axb6 43.Nd2 Bd6
44.Nb3 Be7 45.Nd4+ Kd7 46.Kc4 Kd6 47.b5 c5 48.Nc6 Bf8 49.Na7 Kd7 50.Kd5 Bd6
51.Nc6 Bc7 52.e5 fxe5 53.Nxe5+ Bxe5 54.Kxe5 g5 55.Kf5 c4 56.Ke5 Ke7 57.Kd5 Kd7
58.Kxc4 Ke6 59.Kd4 h5 60.c4 Kf5 61.c5  1-0

[Event "Jch-RUS g20"]
[Site "Essentuki RUS"]
[Date "2003.03.12"]
[Round "10"]
[White "Meshcheriakova,E"]
[Black "Kariakina,M"]
[Result "1-0"]
[WhiteElo "2320"]
[BlackElo "2171"]

1.e4 g6 2.d4 Bg7 3.Nc3 d6 4.Nf3 Nf6 5.Bf4 O-O 6.Qd2 Nbd7 7.O-O-O c6 8.e5 dxe5
9.dxe5 Ng4 10.h3 Ngxe5 11.Nxe5  1-0

[Event "Victor Ciocaltea Mem"]
[Site "Bucharest ROM"]
[Date "2003.03.13"]
[Round "10"]
[White "Firman,N"]
[Black "Czebe,A"]
[Result "0-1"]
[WhiteElo "2496"]
[BlackElo "2466"]

1.e4 g6 2.d4 Bg7 3.Nc3 d6 4.Be3 a6 5.h4 Nf6 6.f3 b5 7.g4 h5 8.g5 Nfd7 9.Nh3 O-O
10.Nf2 c5 11.a4 b4 12.Ne2 Nc6 13.d5 Na5 14.Bc1 e6 15.Nf4 exd5 16.Nxd5 Nb6
17.Nf6+ Bxf6 18.gxf6 Qxf6 19.Rb1 Re8 20.Bg5 Qe5 21.Be2 Nbc4 22.b3 Qc3+ 23.Kf1 Ne5
24.Kg2 Bb7 25.Rh3 Qd4 26.Rg3 d5 27.Qxd4 cxd4 28.Rd1 dxe4 29.Nxe4 Bxe4 30.fxe4 Nac6
31.Rf1 Re6 32.Bf6  0-1

[Event "Jch-RUS b20"]
[Site "Essentuki RUS"]
[Date "2003.03.13"]
[Round "11"]
[White "Kosintseva,T"]
[Black "Panchenko,D"]
[Result "1-0"]
[WhiteElo "2457"]
[BlackElo "2351"]

1.e4 g6 2.d4 Bg7 3.Nc3 d6 4.Be3 a6 5.f4 b5 6.Be2 Bb7 7.Bf3 Nd7 8.e5 Qc8 9.Bxb7 Qxb7
10.Qf3 Qxf3 11.Nxf3 Nb6 12.O-O-O e6 13.d5 Nc4 14.Bd4 dxe5 15.Nxe5 Nxe5 16.dxe6 fxe6
17.Rhe1 O-O-O 18.Bxe5 Rxd1+ 19.Kxd1 Nf6 20.Bxf6 Bxf6 21.Rxe6 Bxc3 22.bxc3 Kb7
23.Ke2 c6 24.g4 Kb6 25.Kf3 Kc5 26.f5 gxf5 27.gxf5 Kd5 28.Kf4 Rg8 29.Re5+ Kd6
30.Re2 Rg1 31.h4 a5 32.a3 a4 33.h5 Rg8 34.Re6+ Kd7 35.Re2 Kd6 36.h6 Rg1 37.Re6+ Kd7
38.Re3 Kd6 39.Re2 Ra1 40.Re6+ Kd7 41.Rf6 Rxa3 42.Ke5 Rxc3 43.Rf7+ Kc8 44.Rxh7 Rh3
45.f6 Rf3 46.Rg7  1-0

[Event "Victor Ciocaltea Mem"]
[Site "Bucharest ROM"]
[Date "2003.03.15"]
[Round "12"]
[White "Burnoiu,N1"]
[Black "Vajda,L"]
[Result "1/2-1/2"]
[WhiteElo "2414"]
[BlackElo "2576"]

1.e4 g6 2.d4 Bg7 3.Nc3 d6 4.Be3 a6 5.a4 b6 6.Bc4 e6 7.Nge2 Ne7 8.Ba2 h6 9.Qd2 Nd7
10.O-O Bb7 11.f3 Kf8 12.Nf4 Kg8 13.Nce2 Kh7 14.c3 a5 15.Bc4 Ba6 16.Bxa6 Rxa6
17.Nd3 Ra8 18.Kh1 Qc8 19.Rfd1 Qb7 20.Nf2 Rhf8 21.Nf4 Rae8 22.Ng4 Ng8 23.Nd3 f5
24.Ngf2 Ngf6 25.exf5 exf5 26.Nh3 g5 27.Re1 g4 28.fxg4 fxg4 29.Nhf2 Qd5 30.Nf4 Qf5
31.Qd3 Qxd3 32.N2xd3 Ne4 33.d5 Ng5 34.Kg1 Ne5 35.Nxe5 Rxe5 36.Bd2 Rff5 37.Rad1 Re4
38.Rxe4 Nxe4 39.Be3 Be5 40.Ne6 g3 41.hxg3 Bxg3 42.Nxc7 Nc5 43.Rd4 h5 44.Ne6 h4
45.Nxc5 bxc5 46.Rd2 Kg6 47.c4 Kh5 48.Re2 Re5 49.Kf1 Rf5+ 50.Kg1 Rf7 51.Bd2 Be5
52.Bc3 Bxc3 53.bxc3 Rf4 54.Re6 Rxc4 55.Rxd6 Rxc3 56.Re6 Kg4 57.d6 Rd3 58.Re5 c4
59.Rxa5 c3 60.Rc5 Kg3 61.Kf1 Rd1+ 62.Ke2 Rxd6 63.Rxc3+ Kxg2 64.Rc8 Rg6 65.Kd3 h3
66.Kc4 Rh6 67.Kb5 h2 68.Rc1 Rf6 69.a5 Rf1 70.Rc2+ Rf2 71.Rc1 Rb2+ 72.Kc6 Rb8
73.Rc2+ Kg3 74.Rxh2 Kxh2 75.a6 Ra8 76.Kb7 Rxa6 77.Kxa6  1/2-1/2

[Event "Stroer Trophy"]
[Site "Cannes FRA"]
[Date "2003.03.15"]
[Round "9"]
[White "Milliet,S"]
[Black "Djingarova,E"]
[Result "1-0"]
[WhiteElo "2231"]
[BlackElo "2267"]

1.e4 g6 2.d4 Bg7 3.Nc3 d6 4.Be3 c6 5.Qd2 b5 6.Bd3 Nf6 7.h3 Nbd7 8.Nf3 Qc7
9.a4 b4 10.Ne2 c5 11.b3 Bb7 12.Ng3 h5 13.Ng5 Nh7 14.Nxh7 Rxh7 15.Ne2 Nf6
16.f3 Rh8 17.O-O Kf8 18.Rad1 Kg8 19.dxc5 dxc5 20.Bc4 Rf8 21.Bf4 e5 22.Bg5 Kh7
23.Qd6 Ne8 24.Qxc7 Nxc7 25.Rd7 Rc8 26.Bxf7 Rhf8 27.Rfd1 Bc6 28.Bxg6+ Kxg6
29.R1d6+ Bf6 30.Rxc6 Kxg5 31.Rcxc7 a5 32.Kf2 h4 33.Ke3 Rxc7 34.Rxc7 Bd8 35.Rd7 Rg8
36.f4+ Kf6 37.fxe5+ Kxe5 38.Rd5+ Kf6 39.Rf5+ Ke7 40.Nf4 Kd7 41.Kf2 Kc6 42.Nd3 Kd6
43.Rd5+ Ke7 44.Ne5 Ke6 45.Ng4 Be7 46.Ke2 Rc8 47.Kd3 Rf8 48.Re5+ Kd7 49.Rf5 Rc8
50.Kc4 Kc6 51.Ne5+ Kb6 52.Ng6 Rd8 53.Rd5 Re8 54.Re5 Rd8 55.Re6+  1-0

[Event "TCh-CZE 2002-3"]
[Site "Czech Rep CZE"]
[Date "2003.03.15"]
[Round "8"]
[White "Walek,M"]
[Black "Stratil,L"]
[Result "1/2-1/2"]
[WhiteElo "2317"]
[BlackElo "2356"]

1.e4 g6 2.d4 Bg7 3.Nc3 d6 4.Be3 e6 5.Nf3 h6 6.Be2 Nd7 7.O-O Ne7 8.a4 a6 9.a5 Nf6
10.h3 d5 11.Bd3 Bd7 12.Re1 Kf8 13.Ne5 Be8 14.Qf3 Kg8 15.Ra3 Nc6 16.exd5 exd5
17.Nxc6 Bxc6 18.Bf4 Qd7 19.Raa1 Re8 20.Be5 Re6 21.Ne2 Nh5 22.Bh2 Nf6 23.Be5 Nh5
24.Bh2 Nf6 25.c3 Bb5 26.Bxb5 axb5 27.Be5 g5 28.Ng3 Ne8 29.Bxg7 Nxg7 30.Rxe6 Qxe6
31.Qd3 c6 32.Kf1 Qg6 33.Qxg6 fxg6 34.a6 Kf7 35.axb7 Rb8 36.Ra6 Rxb7 37.Rxc6 Ne6
38.Ne2 Ke7 39.g3 b4 40.Ra6 bxc3 41.bxc3 Rb1+ 42.Kg2 Re1 43.Ng1 Rc1 44.Ra3 Nc7
45.Rb3 Ne8 46.Rb7+ Kf8 47.Ne2  1/2-1/2

[Event "TCh-FIN 2002-3"]
[Site "Finland FIN"]
[Date "2003.03.15"]
[Round "8"]
[White "Kivijarvi,J"]
[Black "Hartikainen,M"]
[Result "0-1"]
[WhiteElo "2176"]
[BlackElo "2307"]

1.e4 g6 2.d4 Bg7 3.Nc3 d6 4.Be3 a6 5.Qd2 b5 6.a3 Bb7 7.f3 Nd7 8.g4 Rc8 9.g5 e6
10.h4 h5 11.Bh3 Ne7 12.Nge2 O-O 13.f4 Nb6 14.b3 c5 15.Qd3 Qc7 16.Rc1 Rfd8
17.Bf2 Qb8 18.O-O b4 19.axb4 cxb4 20.Nd1 d5 21.e5 a5 22.Be1 Qa7 23.Rf2 Ba6
24.Qf3 Na8 25.Ng3 Qxd4 26.Ne3 Qb2 27.Bd2 Rc3 28.Nxh5 gxh5 29.Qxh5 d4 30.Bxe6 fxe6
31.Ng4 Rg3+ 32.Kh2 Rxg4 33.Qxg4 Nf5 34.h5 d3 35.h6 dxc2 36.Qg1 Bf8 37.h7+ Kxh7
38.Qg4 Bc5 39.Qh5+ Kg7 40.Kg2 Bb7+  0-1

[Event "TCh-FIN 2002-3"]
[Site "Finland FIN"]
[Date "2003.03.15"]
[Round "8"]
[White "Westerinen,H"]
[Black "Lehtinen,H"]
[Result "1-0"]
[WhiteElo "2362"]
[BlackElo "2338"]

1.e4 g6 2.d4 Bg7 3.Nc3 d6 4.Be3 c6 5.f4 Qb6 6.Rb1 f5 7.e5 dxe5 8.fxe5 Bxe5
9.Nf3 Bg7 10.Bc4 Nf6 11.O-O e6 12.Qe2 Qb4 13.Bf4 Qe7 14.Rbe1 O-O 15.Ng5 Re8
16.Qd3 Kh8 17.Bd6 Qd7 18.Bxe6 Rxe6 19.Rxe6 Ng8 20.Rfe1  1-0

[Event "Tch-SWE 2002-3"]
[Site "Sweden SWE"]
[Date "2003.03.15"]
[Round "10"]
[White "Andersson,Bj1"]
[Black "Burwick,M"]
[Result "1/2-1/2"]
[WhiteElo "2330"]
[BlackElo "2239"]

1.e4 g6 2.d4 Bg7 3.Nc3 d6 4.Be3 a6 5.a4 b6 6.Nf3 Bb7 7.Bc4 e6 8.Qd2 h6 9.O-O Nd7
10.h3 Ne7  1/2-1/2

[Event "TCh-CZE 2002-3"]
[Site "Czech Rep CZE"]
[Date "2003.03.16"]
[Round "9"]
[White "Holemar,D"]
[Black "Petran,Pe"]
[Result "1/2-1/2"]
[WhiteElo "2321"]
[BlackElo "2372"]

1.d4 g6 2.e4 Bg7 3.Nc3 d6 4.Be3 c6 5.Qd2 b5 6.Bd3 Nd7 7.Nf3 a6 8.Ne2 e5 9.c3 Ngf6
10.Bh6 O-O 11.Ng3 c5 12.O-O Bb7 13.Rfe1 Re8 14.h3 Bxh6 15.Qxh6 Qe7 16.a4 c4
17.Be2 Qf8 18.Qg5 h6 19.Qd2 Nb6 20.Nh2 Bc6 21.d5 Bb7 22.Ng4 Nxg4 23.hxg4 Nd7
24.f3 Kg7 25.g5 h5 26.Nf5+ gxf5 27.exf5 f6 28.f4 Qf7 29.Bd1 Rh8 30.Re3 Kf8
31.b3 cxb3 32.Bxb3 exf4 33.Re6 fxg5 34.Qd4 Rg8 35.Rae1 Qxf5 36.Rxd6 Rg7 37.Rh6 Rh7
38.Qb4+ Kg7 39.Qd4+ Kxh6 40.Re6+ Qxe6 41.dxe6 Nf8 42.Bc2 Ng6 43.Qf6 Rg7 44.e7 bxa4
45.Bxg6 Rxg6 46.Qf8+ Rxf8 47.exf8=Q+ Rg7 48.Qf6+ Kh7 49.Qf5+ Kg8 50.Qe6+ Kh7
51.Qe8 h4 52.Qxa4 f3 53.gxf3 Bxf3 54.Qxa6 g4 55.Qf6 h3 56.c4 Rg6 57.Qe7+ Rg7
58.Qf6  1/2-1/2

[Event "Tch-SWE 2002-3"]
[Site "Sweden SWE"]
[Date "2003.03.16"]
[Round "11"]
[White "Nilsson,P"]
[Black "Burwick,M"]
[Result "0-1"]
[WhiteElo "2022"]
[BlackElo "2239"]

1.e4 g6 2.d4 Bg7 3.Nc3 d6 4.Be3 a6 5.Qd2 Nd7 6.f3 b5 7.a4 b4 8.Nd1 a5 9.c3 bxc3
10.bxc3 e6 11.h4 h6 12.Nf2 Ne7 13.g4 Nb6 14.f4 h5 15.gxh5 Rxh5 16.Be2 Rh8
17.h5 Bd7 18.hxg6 Nxg6 19.Rxh8+ Bxh8 20.Nf3 Nxa4 21.Ng5 Nb6 22.Qd3 Bf6 23.Nfh3 Bxg5
24.Nxg5 Qf6 25.e5 Qh8 26.Kd2 d5 27.Qb1 Qh2 28.Qh1 Nc4+ 29.Kd3 Nb2+ 30.Kd2 Nc4+
31.Kd3 Nxf4+ 32.Bxf4 Qxf4 33.Qh8+ Ke7 34.Qf6+ Qxf6 35.exf6+ Kxf6 36.Nh3 Bb5
37.Kc2 Ne3+ 38.Kd2 Bxe2 39.Kxe3 Bg4 40.Nf4 Bf5 41.c4 dxc4 42.Kd2 Ke7 43.Kc3 Bd3
44.Nxd3 cxd3 45.Kxd3 Kd6 46.Kc4 a4 47.Ra3 c6 48.Kc3 Kd5 49.Kd2 Ra7 50.Kc3 c5  0-1

[Event "Tch-SWE 2002-3"]
[Site "Sweden SWE"]
[Date "2003.03.16"]
[Round "11"]
[White "Von Bahr,O"]
[Black "Hillarp Persson,T"]
[Result "0-1"]
[WhiteElo "2320"]
[BlackElo "2482"]

1.e4 g6 2.d4 Bg7 3.Nc3 d6 4.Be3 a6 5.Bd3 Nd7 6.Qd2 b5 7.Nf3 Bb7 8.a4 b4 9.Ne2 c5
10.c3 Ngf6 11.Ng3 h5 12.Bg5 d5 13.e5 Ne4 14.Qf4 bxc3 15.bxc3 cxd4 16.cxd4 Qa5+
17.Ke2 f5 18.Bxe7 h4 19.Bxh4 Nf8 20.Nxf5 gxf5 21.Rhb1 Bc8 22.Bxe4 dxe4 23.Ng5 Qd5
24.e6 Qc4+ 25.Ke1 Bxd4  0-1

[Event "19th Spring Fest"]
[Site "Budapest HUN"]
[Date "2003.03.17"]
[Round "4"]
[White "Galyas,M"]
[Black "Francsics,E"]
[Result "1-0"]
[WhiteElo "2413"]
[BlackElo "2229"]

1.e4 d6 2.d4 g6 3.Nc3 Bg7 4.f4 Nd7 5.Nf3 e5 6.dxe5 dxe5 7.fxe5 Nxe5 8.Qxd8+ Kxd8
9.Bg5+ Ne7 10.O-O-O+ Bd7 11.Nd5 Nc6 12.Bb5 Re8 13.Nxe7 Rxe7 14.Bxe7+  1-0

[Event "Riviera GM"]
[Site "Opatija CRO"]
[Date "2003.03.20"]
[Round "7"]
[White "Topalovic,Z"]
[Black "Lovric,B"]
[Result "1-0"]
[WhiteElo "2311"]
[BlackElo "2369"]

1.e4 d6 2.d4 g6 3.Nc3 Bg7 4.Be3 c6 5.Qd2 d5 6.e5 Qb6 7.O-O-O Na6 8.h3 h5
9.Na4 Qb4 10.Qxb4 Nxb4 11.Bd2 Na6 12.Bxa6 bxa6 13.Nc5 Nh6 14.Nf3 O-O 15.Kb1 Rb8
16.Rdg1 Bf5 17.Nh4 Bc8 18.g4 hxg4 19.hxg4 Nxg4 20.f3 Nxe5 21.dxe5 Bxe5 22.Nd3 Bg7
23.Bf4 Rb5 24.Be5 f6 25.Rxg6 Kf7 26.Rhg1 Bh8 27.Bd4 e5 28.Rh6 exd4 29.Rh7+ Ke8
30.Ng6 Bf5 31.Re1+ Kd8 32.Rxa7 Bxg6 33.Ra8+  1-0

[Event "ch-VIE"]
[Site "Dong Thap VIE"]
[Date "2003.03.23"]
[Round "4"]
[White "Pham Minh Hoang"]
[Black "Dinh Duc Trong"]
[Result "1-0"]
[WhiteElo "2425"]
[BlackElo "2380"]

1.e4 g6 2.d4 Bg7 3.Nc3 d6 4.f4 a6 5.Nf3 Nd7 6.e5 e6 7.Bd3 b5 8.O-O Ne7 9.a4 b4
10.Ne2 a5 11.c3 bxc3 12.bxc3 O-O 13.Ba3 Nb6 14.Ng5 Bb7 15.Ne4 Nf5 16.Rf3 h5
17.Rh3 Nc4 18.Bc1 dxe5 19.Nc5 Bd5 20.fxe5 Rb8 21.Qf1 Nb2 22.Bc2 Qe7 23.Nf4 c6
24.Ne4 Nc4 25.Bd3 Qa7 26.Nf2 Nb2 27.Bc2 Qe7 28.g4 hxg4 29.Nxg4 Qg5 30.Qe2 Bc4
31.Qg2 Nh4 32.Qg3 Nf5 33.Bxf5 Qxf5 34.Ne3 Qe4 35.Rh4 Ba6 36.Nh5 Qd3  1-0

[Event "Friendship Cup AZE-IRI"]
[Site "Baku AZE"]
[Date "2003.04.03"]
[Round "6"]
[White "Abbasifar,H"]
[Black "Babaev,Ra"]
[Result "1-0"]
[WhiteElo "2284"]
[BlackElo "2406"]

1.d4 g6 2.e4 Bg7 3.Nc3 d6 4.Be3 Nd7 5.Qd2 a6 6.h4 h5 7.Nh3 Ngf6 8.f3 b5 9.Ng5 Bb7
10.Be2 e6 11.a3 Qe7 12.Nd1 Nb6 13.Nf2 Rc8 14.O-O O-O 15.b3 Rfd8 16.Rab1 d5
17.e5 Nfd7 18.b4 Nc4 19.Qc3 Ndb6 20.f4 a5 21.Bc1 axb4 22.axb4 f6 23.exf6 Qxf6
24.Qd3 Nd6 25.c3 Ne4 26.Nfxe4 dxe4 27.Nxe4 Qf5 28.Ng5 Nd5 29.Bd2 Nf6 30.Qxf5 exf5
31.Bxb5 Bd5 32.Bd3 Nd7 33.Rfe1 Bf6 34.c4 Bxd4+ 35.Be3 Bxe3+ 36.Rxe3 Bb7 37.Re7 Nf6
38.Bf1 Re8 39.Rbe1 Ne4 40.Rxe8+ Rxe8 41.Nxe4 Bxe4 42.Bd3 Kf7 43.Bxe4 fxe4
44.Kf2 Kf6 45.Ke3 Ra8 46.Rd1 Ra4 47.Rd7 c6 48.Kxe4 c5 49.Rd6+ Kf7 50.bxc5 Rxc4+
51.Kd5 Rxf4 52.c6 Rf5+ 53.Kd4 Rf1 54.Kc5 Rb1 55.c7  1-0

[Event "XII It II"]
[Site "Dos Hermanas ESP"]
[Date "2003.04.04"]
[Round "7"]
[White "Fernandez Romero,Ern"]
[Black "Franco Ocampos,Z"]
[Result "1/2-1/2"]
[WhiteElo "2396"]
[BlackElo "2506"]

1.e4 g6 2.d4 Bg7 3.Nc3 d6 4.f4 Nf6 5.Nf3 c5 6.Bb5+ Bd7 7.e5 Ng4 8.Bxd7+ Qxd7
9.d5 dxe5 10.h3 e4 11.Nxe4 Nf6 12.Nxf6+ Bxf6 13.O-O O-O 14.Be3 Na6 15.Ne5 Qf5
16.c4 Bxe5 17.fxe5 Qxe5 18.Bh6 Rfe8 19.Qf3 f6 20.Rae1 Qh5 21.Qxh5 gxh5 22.Rf5 Kf7
23.Rxh5 Nb4 24.Rh4 b6 25.Bd2 Rh8 26.Rhe4 Rhe8 27.Bxb4 cxb4 28.R1e3 Rad8 29.Re6 Rd7
30.Rc6  1/2-1/2

[Event "ch-SCO"]
[Site "Edinburgh SCO"]
[Date "2003.04.06"]
[Round "2"]
[White "Redpath,J"]
[Black "McNab,C"]
[Result "1/2-1/2"]
[WhiteElo "2193"]
[BlackElo "2412"]

1.d4 d6 2.e4 g6 3.Nc3 Bg7 4.Be3 Nf6 5.Nf3 c6 6.Qd2 Qa5 7.h3 Na6 8.Bd3 Nb4
9.O-O Nxd3 10.cxd3 O-O 11.Bh6 Qb6 12.Bxg7 Kxg7 13.Ne2 a5 14.Ng3 a4 15.Rae1 Qa5
16.Qc1 Ng8 17.Kh2 f5 18.d5 cxd5 19.e5 f4 20.Ne2 Qb4 21.a3 Qc5 22.Qd2 Qa5
23.Qc1 Qc5 24.Qd2 Qa5  1/2-1/2

[Event "National I"]
[Site "Besancon FRA"]
[Date "2003.04.07"]
[Round "7"]
[White "Milliet,S"]
[Black "Cid,M"]
[Result "1-0"]
[WhiteElo "2240"]
[BlackElo "2340"]

1.e4 g6 2.d4 Bg7 3.Nc3 d6 4.g3 Nd7 5.Bg2 Ngf6 6.Nge2 e5 7.O-O O-O 8.h3 Re8
9.Be3 exd4 10.Bxd4 Ne5 11.f4 Nc6 12.Bf2 h5 13.Qd2 Be6 14.Nd5 Qd7 15.Kh2 Bxd5
16.exd5 Ne7 17.c4 Nf5 18.Qd3 Re7 19.Nd4 Nxd4 20.Bxd4 Rae8 21.f5 g5 22.Qd2 Ne4
23.Bxe4 Rxe4 24.Qxg5 f6 25.Bxf6 Rxc4 26.Bc3 Re2+ 27.Kg1 Rce4 28.f6 Re5 29.Bxe5 dxe5
30.Qxg7+  1-0

[Event "ch-SCO"]
[Site "Edinburgh SCO"]
[Date "2003.04.08"]
[Round "4"]
[White "Orr,M"]
[Black "McNab,C"]
[Result "1/2-1/2"]
[WhiteElo "2362"]
[BlackElo "2412"]

1.d4 d6 2.e4 g6 3.Nc3 Bg7 4.Bg5 Nd7 5.Qd2 c5 6.d5 Ngf6 7.Be2 a6 8.a4 Qb6
9.Ra2 Qb4 10.f3 Ne5 11.a5 O-O 12.Qc1 Bd7 13.Bd2 c4 14.f4 Neg4 15.h3 Nh6 16.g4 Nhxg4
17.hxg4 Nxg4 18.Bxg4 Bxg4 19.Nge2 f5 20.Ra4 Qc5 21.Be3 Qc8 22.Bd4 fxe4 23.Bxg7 Kxg7
24.Qe3 Bxe2 25.Nxe2 Qf5 26.Qd4+ Kg8 27.Rxc4 Rac8 28.Rxc8 Rxc8 29.c4 e3 30.b3 Qb1+
31.Qd1 Qa2 32.O-O Qxa5 33.f5 Qd2 34.fxg6 hxg6 35.Qxd2 exd2 36.Nd4 b5 37.Nc6 Kg7
38.Rd1 bxc4 39.bxc4 e6 40.Rxd2 exd5 41.cxd5 Rf8 42.Ra2 Rf5 43.Ra5 Kf6 44.Nb4 Rf4
45.Nxa6 Rc4 46.Nb8  1/2-1/2